000 00876pam a2200265 a 4500
001 015859893
003 Uk
005 20130219143855.0
008 110726s2012 enka b 001 0 eng d
020 _a0273764543 (pbk.)
020 _a9780273764540 (pbk.)
082 0 4 _a624.18341
_223
_bWIG
100 1 _aWight, James K.
_932663
245 1 0 _aReinforced Concrete :
_bMechanics and Design /
_cJames K. Wight, James G. MacGregor.
250 _a6th ed.
260 _aHarlow :
_bPearson Education,
_cc2012.
300 _a1175 p. :
_bill. ;
_c26 cm.
500 _a"International edition"--cover.
504 _aIncludes bibliographical references and index.
650 0 _aReinforced concrete construction.
_932664
650 0 _aReinforced concrete.
_932665
653 _bCiv
_cFebruary2013
700 1 _aMacGregor, James G.
_q(James Grierson),
_d1934-
_932666
942 _2ddc
_cBB
999 _c17310
_d17282